000 00861nam a2200277 4500
001 15323
003 BD-RjUL
005 20211208235807.0
008 140209s1969 enk b 001 0 eng d
020 _a0207950539
035 _a(BD-RjUL)15377
040 _aDLC
_cDLC
_dDLC
_dBD-RjUL
_beng
041 _aeng
082 0 0 _a904.5
_bCAF 1969
100 1 _aCarefoot, G. L.
_947624
245 1 0 _aFamine on the wind :
_bplant diseases and human history /
_cby G. L. Carefoot and E. R. Sprott; with a foreword by Sir Julian Huxley.
260 _aLondon :
_bAngus & Robertson,
_c1969.
300 _a222 p. ;
_c23 cm.
350 _a30/-
504 _aBibliography: p. 201-208. and Index
650 0 _aPlant diseases
_xHistory.
_947625
700 1 _aSprott, E. R.,
_ejoint author.
_947626
942 _2ddc
_cBK
999 _c15323
_d15323